[Event "Iasi ROM, World Amateur Ch"]
[Site "Iasi ROM"]
[Date "2013.04.29"]
[Round "8.7"]
[White "Malhotra, Akshay"]
[Black "Stoleriu , George"]
[Result "1/2-1/2"]
[WhiteElo "1898"]
[BlackElo "1772"]
[PlyCount "103"]
[EventDate "2013.04.22"]
[EventType "swiss"]
[EventRounds "9"]
[EventCountry "ROM"]

1. e4 c6 2. d4 d5 3. Nc3 dxe4 4. Nxe4 Bf5 5. Ng3 Bg6 6. h4 h6 7. Nf3 Nd7 8. h5
Bh7 9. Bd3 Bxd3 10. Qxd3 Ngf6 11. Bd2 e6 12. O-O-O Be7 13. Ne4 Nxe4 14. Qxe4
Nf6 15. Qe2 Qd5 16. c4 Qe4 17. Be3 Ng4 18. Rhe1 Bb4 19. Rf1 O-O-O 20. Qc2 Qxc2+
21. Kxc2 Rhe8 22. Ne5 Nxe5 23. dxe5 b6 24. g4 Be7 25. f4 Rxd1 26. Rxd1 Rh8 27.
Rf1 Kd7 28. Kd3 f6 29. Bd4 Rf8 30. f5 fxe5 31. Bxe5 Bf6 32. Bg3 exf5 33. Rxf5
Rd8 34. b3 Ke6+ 35. Ke2 Rd4 36. Rf4 Rd7 37. Re4+ Kf7 38. Bf4 Rb7 39. Be3 c5 40.
Bf4 Rd7 41. Kf3 Rd1 42. Re2 Bd4 43. Bb8 a6 44. Ba7 b5 45. cxb5 axb5 46. Rc2 c4
47. Bxd4 Rxd4 48. bxc4 bxc4 49. a4 c3 50. Rxc3 Rxa4 51. Rc6 Ra3+ 52. Ke4
1/2-1/2

[Event "WORLD AMATEUR CHESS CHAMPIONSHIP 2013"]
[Site "Iasi"]
[Date "2013.04.22"]
[Round "1.5"]
[White "Stoleriu , George"]
[Black "Antal, Istvan"]
[Result "1-0"]
[WhiteElo "1772"]
[BlackElo "1991"]
[PlyCount "73"]
[EventDate "2013.04.22"]
[EventRounds "9"]

1. e4 c6 2. d4 d5 3. exd5 cxd5 4. Bd3 Nf6 5. Nf3 g6 6. Bf4 Bg7 7. Nbd2 O-O 8.
O-O Nc6 9. c3 Qb6 10. Qb3 Qxb3 11. axb3 Bd7 12. Rfe1 Rfe8 13. Ne5 Nh5 14. Nxd7
Nxf4 15. Bb5 a6 16. Nb6 Ra7 17. Ba4 e6 18. b4 Rd8 19. Nb3 Bf8 20. Ra2 Bd6 21.
Bxc6 bxc6 22. Rea1 Bc7 23. Rxa6 Rxa6 24. Rxa6 e5 25. g3 Nd3 26. Na4 exd4 27.
Nxd4 Re8 28. Rxc6 Re1+ 29. Kg2 Be5 30. Nf3 Re2 31. Nxe5 Rxe5 32. b5 g5 33. Nc5
Ne1+ 34. Kf1 g4 35. Nd7 Re7 36. Nf6+ Kg7 37. Nh5+ 1-0

[Event "WORLD AMATEUR CHESS CHAMPIONSHIP 2013"]
[Site "Iasi"]
[Date "2013.04.23"]
[Round "2.35"]
[White "Cabral, Denrick"]
[Black "Stoleriu , George"]
[Result "1/2-1/2"]
[WhiteElo "1912"]
[BlackElo "1772"]
[PlyCount "62"]
[EventDate "2013.04.22"]
[EventRounds "9"]

1. e4 c6 2. Nf3 d5 3. Nc3 Bg4 4. h3 Bh5 5. g4 Bg6 6. exd5 cxd5 7. Bb5+ Nc6 8.
Ne5 Rc8 9. d4 e6 10. h4 f6 11. Nxg6 hxg6 12. Qd3 Kf7 13. h5 gxh5 14. gxh5 Nge7
15. Bf4 Nf5 16. Bxc6 Rxc6 17. O-O-O Bb4 18. Ne2 Qa5 19. Kb1 Ra6 20. Nc1 Bd6 21.
Bxd6 Rxd6 22. Nb3 Qc7 23. Nc5 Ne7 24. Rdg1 b6 25. Qg3 Rg8 26. Nd3 Rc6 27. c3
Qxg3 28. fxg3 Rh8 29. g4 Rcc8 30. g5 Nf5 31. Nf4 Rce8 1/2-1/2

[Event "WORLD AMATEUR CHESS CHAMPIONSHIP 2013"]
[Site "Iasi"]
[Date "2013.04.24"]
[Round "3.28"]
[White "Stoleriu , George"]
[Black "Jeszenszky, Jozsef"]
[Result "1-0"]
[WhiteElo "1772"]
[BlackElo "1914"]
[PlyCount "109"]
[EventDate "2013.04.22"]
[EventRounds "9"]

1. d4 Nf6 2. Bg5 e6 3. e3 h6 4. Bh4 c5 5. c3 d5 6. Nf3 Be7 7. Nbd2 Nc6 8. Bd3
O-O 9. Qe2 Bd7 10. O-O c4 11. Bc2 b5 12. Ne5 Qc7 13. f4 b4 14. Bxf6 Bxf6 15.
Nxc6 Qxc6 16. cxb4 Rfb8 17. b3 cxb3 18. Nxb3 Qc3 19. Nc5 Bb5 20. Bd3 Qxb4 21.
a4 Bxd3 22. Qxd3 Be7 23. Rfc1 Bxc5 24. Rxc5 Rc8 25. Rb5 Qc3 26. Qxc3 Rxc3 27.
Kf2 Rac8 28. Ra2 h5 29. a5 Kh7 30. Rb7 R8c7 31. a6 Rxb7 32. axb7 Rb3 33. Rxa7
Kg6 34. Kf3 f5 35. g3 Kf6 36. h3 Kg6 37. g4 fxg4+ 38. hxg4 h4 39. Ra6 Kf7 40.
Ra7 Kf6 41. g5+ Kg6 42. Kg4 h3 43. Kxh3 Rxe3+ 44. Kg4 Rb3 45. Ra6 Kf7 46. f5
Rxb7 47. fxe6+ Kg6 48. Kf4 Re7 49. Rd6 Re8 50. Ke5 Kxg5 51. Rxd5 Kg6 52. Rd7
Rf8 53. e7 Rf5+ 54. Ke4 Rf1 55. e8=Q+ 1-0

[Event "WORLD AMATEUR CHESS CHAMPIONSHIP 2013"]
[Site "Iasi"]
[Date "2013.04.25"]
[Round "4.19"]
[White "Tqavadze, Giorgi"]
[Black "Stoleriu , George"]
[Result "1/2-1/2"]
[WhiteElo "2000"]
[BlackElo "1772"]
[PlyCount "183"]
[EventDate "2013.04.22"]
[EventRounds "9"]

1. e4 c6 2. d4 d5 3. Nc3 dxe4 4. Nxe4 Bf5 5. Ng3 Bg6 6. Nf3 Nd7 7. Bd3 Bxd3 8.
Qxd3 e6 9. Bd2 Ngf6 10. c4 Be7 11. O-O O-O 12. Rad1 Qc7 13. Qe2 Rfd8 14. Ne5 c5
15. Rfe1 Bd6 16. Bg5 Re8 17. Rd3 cxd4 18. Nxd7 Nxd7 19. Rxd4 Be5 20. Rd2 Bf6
21. Ne4 Bxg5 22. Nxg5 Nf6 23. Red1 Red8 24. h3 Rxd2 25. Qxd2 h6 26. Nf3 Qxc4
27. b3 Qc5 28. Rc1 Qd5 29. Qc2 Rd8 30. Qc7 Ne8 31. Qf4 Qd6 32. Qe4 b6 33. Qb7
Qd7 34. Qe4 Rc8 35. Re1 Nf6 36. Qe2 Nd5 37. Ne5 Qe7 38. Qh5 Qf6 39. Qe2 Nf4 40.
Qe4 Nd5 41. b4 Qe7 42. Nd3 Qd6 43. a3 Nf6 44. Qf3 Qd5 45. Qe2 Qb3 46. Ne5 Rf8
47. Qa6 Qc3 48. Re2 Qc7 49. Qa4 Nd5 50. Re1 Qc3 51. Nf3 Qc7 52. Ne5 Rc8 53. Nf3
Qc6 54. Qxa7 Ra8 55. Qxf7+ Kxf7 56. Ne5+ Kf6 57. Nxc6 Rxa3 58. Nd4 e5 59. Nf3
Nxb4 60. Nxe5 Nd5 61. Nd7+ Kf7 62. Rb1 Ra6 63. Nb8 Ra8 64. Nd7 Rd8 65. Ne5+ Kf6
66. Re1 Kf5 67. g4+ Kf6 68. Nc6 Rc8 69. Nd4 Rc4 70. Rd1 Nc3 71. Rd3 Rxd4 72.
Rxc3 Rd6 73. Rc7 g5 74. Kg2 Ke5 75. Kg3 Kd4 76. h4 b5 77. Rg7 gxh4+ 78. Kxh4 b4
79. Rb7 Kc3 80. f4 b3 81. Kh5 Kc2 82. Rc7+ Kd2 83. Rb7 Kc2 84. g5 hxg5 85. fxg5
b2 86. g6 b1=Q 87. Rxb1 Kxb1 88. g7 Rd8 89. Kh6 Kc2 90. Kh7 Kd3 91. g8=Q Rxg8
92. Kxg8 1/2-1/2

[Event "WORLD AMATEUR CHESS CHAMPIONSHIP 2013"]
[Site "Iasi"]
[Date "2013.04.26"]
[Round "5.15"]
[White "Stoleriu , George"]
[Black "Nagy, Laszlo"]
[Result "1-0"]
[WhiteElo "1772"]
[BlackElo "1964"]
[PlyCount "91"]
[EventDate "2013.04.22"]
[EventRounds "9"]

1. f4 d5 2. e3 Nf6 3. Nf3 Bf5 4. b3 a6 5. Bb2 e6 6. Be2 c5 7. O-O Nc6 8. Ne5 h6
9. d3 Rc8 10. Nd2 Be7 11. Qe1 Nb4 12. Bd1 O-O 13. Qg3 b5 14. a3 Nc6 15. Ndf3
Na5 16. Kh1 c4 17. Nd4 c3 18. Bc1 b4 19. axb4 Bxb4 20. Nxf5 exf5 21. Qh3 Ne8
22. Qxf5 Nd6 23. Qh3 f5 24. Bf3 Ne8 25. Ra4 Be7 26. Ng6 Nf6 27. Nxf8 Bxf8 28.
Qxf5 Nc6 29. d4 a5 30. g4 Kh8 31. g5 Ne7 32. Qh3 Ne4 33. Bxe4 dxe4 34. gxh6
gxh6 35. Qe6 Nd5 36. Qxe4 Nf6 37. Qf3 Bb4 38. Ba3 Qe7 39. Bxb4 axb4 40. Ra8
Rxa8 41. Qxa8+ Kh7 42. Rg1 Qf7 43. Ra1 Qh5 44. Ra7+ Kg6 45. Qg2+ Ng4 46. h3 1-0

[Event "CN Juniori 2013 - B12"]
[Site "Calimanesti-Caciulata"]
[Date "2013.04.02"]
[Round "1.9"]
[White "Pasca, Mihai-Alexandru"]
[Black "Stoleriu , George"]
[Result "0-1"]
[WhiteElo "1564"]
[BlackElo "1772"]
[PlyCount "70"]
[EventDate "2013.04.02"]
[EventRounds "9"]

1. e4 c6 2. d4 d5 3. Nc3 dxe4 4. Nxe4 Bf5 5. Ng3 Bg6 6. Nf3 Nd7 7. Bd3 Bxd3 8.
Qxd3 e6 9. Bf4 Ngf6 10. Bd2 Be7 11. O-O O-O 12. c4 Qb6 13. Bc3 Rfd8 14. Qc2
Rac8 15. Rad1 Qa6 16. b3 b5 17. Qe2 Nb6 18. Ne5 bxc4 19. Nxc4 Nfd5 20. Nxb6
Qxe2 21. Nxe2 axb6 22. Rc1 Ba3 23. Rc2 c5 24. dxc5 Rxc5 25. Rd2 Rdc8 26. Rfd1
h6 27. Be5 Bb4 28. Rd4 Rc2 29. Ng3 Bc3 30. Re4 f5 31. Re2 Rxe2 32. Nxe2 Bxe5
33. a3 Rc2 34. Nc1 Bb2 35. Nd3 Bxa3 0-1

[Event "CN Juniori 2013 - B12"]
[Site "Calimanesti-Caciulata"]
[Date "2013.04.03"]
[Round "2.6"]
[White "Stoleriu , George"]
[Black "Albu, George"]
[Result "0-1"]
[WhiteElo "1772"]
[BlackElo "1618"]
[PlyCount "110"]
[EventDate "2013.04.02"]
[EventRounds "9"]

1. b3 c5 2. e3 e6 3. f4 d5 4. Bb2 Nc6 5. Bb5 Bd7 6. Nf3 Rc8 7. O-O Nf6 8. d3
Be7 9. Nbd2 O-O 10. Qe1 Ne8 11. e4 Nb4 12. Bxd7 Qxd7 13. Qd1 Nd6 14. Ne5 Qd8
15. a3 Nc6 16. Qg4 Nd4 17. Rae1 f5 18. Qg3 Bh4 19. Qh3 Bxe1 20. Rxe1 Nxc2 21.
Rf1 Nd4 22. exd5 exd5 23. Qe3 Nc2 24. Qf3 Nf7 25. Rc1 Nd4 26. Bxd4 cxd4 27.
Rxc8 Qxc8 28. Qxd5 Qc1+ 29. Nf1 Qxf4 30. Nxf7 Rxf7 31. Qd8+ Rf8 32. Qd5+ Kh8
33. Qxb7 Rb8 34. Qd5 h6 35. Qc4 Re8 36. Qc2 Re1 37. Qf2 Qe3 38. g3 Rd1 39. Kg2
Qxf2+ 40. Kxf2 Rxd3 41. b4 Rxa3 42. Nd2 Ra2 43. Ke2 Rb2 44. Kd3 Rxb4 45. Nc4
Rxc4 46. Kxc4 Kh7 47. Kxd4 Kg6 48. Kc5 Kg5 49. h3 f4 50. gxf4+ Kxf4 51. Kb5 Kg3
52. Ka6 Kxh3 53. Kxa7 g5 54. Kb6 g4 55. Kc5 g3 0-1

[Event "CN Juniori 2013 - B12"]
[Site "Calimanesti-Caciulata"]
[Date "2013.04.03"]
[Round "3.8"]
[White "Dumitru, Matei-Ioan"]
[Black "Stoleriu , George"]
[Result "1-0"]
[WhiteElo "1589"]
[BlackElo "1772"]
[PlyCount "119"]
[EventDate "2013.04.02"]
[EventRounds "9"]

1. e4 c6 2. d4 d5 3. exd5 cxd5 4. Nf3 Bg4 5. Be2 Nc6 6. O-O Nf6 7. h3 Bh5 8. b3
e6 9. Bb2 Bd6 10. Nbd2 O-O 11. c4 Rc8 12. Ne5 Bxe2 13. Qxe2 Bb4 14. Ndf3 Ne4
15. a3 Bd6 16. Nxc6 Rxc6 17. c5 Bb8 18. b4 Qf6 19. b5 Rcc8 20. a4 Qf4 21. Bc1
Qf6 22. Bb2 Bf4 23. Rac1 Ng5 24. Ne5 Bxe5 25. Qxe5 Qxe5 26. dxe5 Ne4 27. Bd4
Nd2 28. Rfd1 Nc4 29. Rd3 Rc7 30. Kf1 f6 31. Re1 fxe5 32. Bxe5 Nxe5 33. Rxe5
Rxc5 34. Rxe6 Rc1+ 35. Re1 Rc2 36. f3 Ra2 37. Rxd5 Rxa4 38. Rd7 Rb4 39. Ree7
Kh8 40. Rxg7 Rh4 41. Rxb7 Rf5 42. Rgc7 Rhf4 43. Rc8+ Rf8 44. Rxf8+ Rxf8 45.
Rxa7 Rb8 46. Ra5 Kg7 47. Ke2 Kg6 48. Ke3 h5 49. g4 hxg4 50. hxg4 Kf6 51. f4 Kg6
52. Ra6+ Kf7 53. b6 Ke6 54. b7+ Kf7 55. Rb6 Ke7 56. f5 Kf7 57. g5 Kg7 58. Kf4
Kf7 59. g6+ Kg7 60. Kg5 1-0

[Event "CN Juniori 2013 - B12"]
[Site "Calimanesti-Caciulata"]
[Date "2013.04.04"]
[Round "4.13"]
[White "Stoleriu , George"]
[Black "Otetea, Andrei"]
[Result "0-1"]
[WhiteElo "1772"]
[BlackElo "1628"]
[PlyCount "60"]
[EventDate "2013.04.02"]
[EventRounds "9"]

1. e4 c5 2. Nc3 Nc6 3. g4 g6 4. d3 Bg7 5. Bg2 d6 6. h3 e6 7. Nge2 Nge7 8. Be3
O-O 9. Qd2 Nd4 10. O-O Qa5 11. Nxd4 cxd4 12. Nd5 Qd8 13. Nxe7+ Qxe7 14. Bh6
Bxh6 15. Qxh6 f6 16. f4 e5 17. Rf3 Bd7 18. f5 gxf5 19. gxf5 Kh8 20. Qd2 Rg8 21.
Kh1 Rg7 22. Rf2 Rag8 23. Qb4 Bc6 24. c3 dxc3 25. Qxc3 d5 26. Qc2 dxe4 27. dxe4
Qb4 28. a3 Qd4 29. Rd1 Qe3 30. Re2 Rxg2 0-1

[Event "CN Juniori 2013 - B12"]
[Site "Calimanesti-Caciulata"]
[Date "2013.04.05"]
[Round "5.15"]
[White "Buga, Andru-Mihai"]
[Black "Stoleriu , George"]
[Result "1/2-1/2"]
[WhiteElo "1558"]
[BlackElo "1772"]
[PlyCount "79"]
[EventDate "2013.04.02"]
[EventRounds "9"]

1. e4 c5 2. Nf3 a6 3. c3 d6 4. d4 cxd4 5. cxd4 Nf6 6. Nc3 b5 7. a3 Bb7 8. Bd3
Nbd7 9. h3 e6 10. O-O Be7 11. Qc2 h6 12. Be3 Rc8 13. Qe2 O-O 14. Rac1 Nb6 15.
Bf4 Qd7 16. Rc2 Rc7 17. Rfc1 Rfc8 18. Na2 Rxc2 19. Rxc2 Rxc2 20. Qxc2 Qc6 21.
Qxc6 Bxc6 22. Nc3 Kf8 23. Kf1 Ke8 24. Ke2 Kd7 25. Kd2 g5 26. Bh2 Nh5 27. Ke3
Ng7 28. g4 f6 29. Nd2 Bd8 30. f4 Nc8 31. fxg5 fxg5 32. Nf3 Bb6 33. Kd2 Ne7 34.
Bg1 Bb7 35. b4 Ng6 36. Be3 e5 37. d5 Bxe3+ 38. Kxe3 Nf4 39. Bf1 Ne8 40. Nd2
1/2-1/2

[Event "CN Juniori 2013 - B12"]
[Site "Calimanesti-Caciulata"]
[Date "2013.04.05"]
[Round "6.16"]
[White "Stoleriu , George"]
[Black "Datcu-Goiceanu, David"]
[Result "1-0"]
[WhiteElo "1772"]
[BlackElo "1636"]
[PlyCount "45"]
[EventDate "2013.04.02"]
[EventRounds "9"]

1. e4 d5 2. exd5 Qxd5 3. Nc3 Qd6 4. d4 Nf6 5. Nf3 a6 6. Bd3 Bg4 7. Ne4 Nxe4 8.
Bxe4 Nc6 9. h3 Bh5 10. O-O e6 11. c3 Be7 12. Qa4 b5 13. Qb3 Bg6 14. Bf4 Qd8 15.
Bxc6+ Kf8 16. Bxa8 Qxa8 17. a4 Qb7 18. axb5 axb5 19. c4 c6 20. cxb5 cxb5 21.
Rfc1 Bd8 22. Qa3+ Ke8 23. Qa8 1-0

[Event "CN Juniori 2013 - B12"]
[Site "Calimanesti-Caciulata"]
[Date "2013.04.06"]
[Round "7.13"]
[White "Alboni, Denis-Dean"]
[Black "Stoleriu , George"]
[Result "0-1"]
[WhiteElo "1523"]
[BlackElo "1772"]
[PlyCount "38"]
[EventDate "2013.04.02"]
[EventRounds "9"]

1. d4 d5 2. Nf3 Nf6 3. Bf4 Bf5 4. g3 e6 5. Bg2 c5 6. O-O Nc6 7. c3 Be7 8. Nbd2
O-O 9. Nh4 cxd4 10. Nxf5 exf5 11. c4 Bb4 12. cxd5 Nxd5 13. Nb3 Nxf4 14. gxf4
Rc8 15. Bxc6 Rxc6 16. Qxd4 Qh4 17. f3 Rd8 18. Qxb4 Rg6+ 19. Kh1 Rh6 0-1

[Event "CN Juniori 2013 - B12"]
[Site "Calimanesti-Caciulata"]
[Date "2013.04.07"]
[Round "8.10"]
[White "Stoleriu , George"]
[Black "Stefan, Mihai"]
[Result "1/2-1/2"]
[WhiteElo "1772"]
[BlackElo "1642"]
[PlyCount "51"]
[EventDate "2013.04.02"]
[EventRounds "9"]

1. e4 e5 2. Nf3 Nc6 3. Bc4 Bc5 4. c3 Nf6 5. d3 d6 6. O-O Bb6 7. Nbd2 O-O 8. Re1
Ne7 9. Nf1 Ng6 10. Ng3 h6 11. Bb3 Re8 12. h3 c6 13. d4 Bc7 14. Be3 d5 15. dxe5
Nxe4 16. Nxe4 dxe4 17. Qxd8 Bxd8 18. Nd2 Nxe5 19. Nxe4 Bc7 20. Bd4 Bf5 21. Ng3
Bg6 22. Rad1 Nd3 23. Rxe8+ Rxe8 24. Rd2 Re1+ 25. Kh2 Bf4 26. Rd1 1/2-1/2

[Event "CN Juniori 2013 - B12"]
[Site "Calimanesti-Caciulata"]
[Date "2013.04.08"]
[Round "9.8"]
[White "Cotruta, Alexandru-Mihai"]
[Black "Stoleriu , George"]
[Result "0-1"]
[WhiteElo "1650"]
[BlackElo "1772"]
[PlyCount "58"]
[EventDate "2013.04.02"]
[EventRounds "9"]

1. d4 d5 2. c4 e6 3. e3 Nf6 4. Nc3 Be7 5. Nf3 O-O 6. Bd3 b6 7. O-O Bb7 8. Re1
c5 9. Qe2 Nc6 10. Ne5 dxc4 11. Bxc4 cxd4 12. Nxc6 Bxc6 13. Rd1 Qc7 14. exd4
Rfd8 15. Be3 Nd5 16. Nxd5 Bxd5 17. Rac1 Qd6 18. Bxd5 Qxd5 19. Qc4 Qh5 20. Rd2
Rd5 21. Rdc2 Rad8 22. a3 Bf6 23. h3 h6 24. Rd2 Qh4 25. f4 g5 26. fxg5 hxg5 27.
Kh2 Bxd4 28. Bxd4 Qf4+ 29. Kh1 Qxd2 0-1

[Event "World AMATEUR Chess Championship"]
[Site "?"]
[Date "2013.04.30"]
[Round "?"]
[White "Stoleriu , George"]
[Black "Nastasa, Robert-Radu"]
[Result "1-0"]
[WhiteElo "1772"]
[BlackElo "1920"]
[PlyCount "49"]
[EventDate "2013.??.??"]

1. e4 e6 2. d4 d5 3. Nc3 Nf6 4. e5 Nfd7 5. f4 c5 6. Nf3 Nc6 7. Be3 a6 8. Be2
Be7 9. Qd2 g6 10. O-O b5 11. a3 Bb7 12. Kh1 cxd4 13. Nxd4 Nxd4 14. Bxd4 Qc7 15.
Rf3 Rc8 16. Rh3 Nc5 17. Rc1 Nd7 18. Nd1 Nc5 19. Rc3 Qd7 20. Nf2 O-O 21. Rh3 Ne4
22. Nxe4 dxe4 23. f5 Rfd8 24. Qh6 Bxa3 25. Qxh7+ 1-0

[Event "CNJ Echipe 2012 - O10"]
[Site "Mamaia -Constanta"]
[Date "2012.09.04"]
[Round "2.1"]
[White "Ognean, Mihnea Ionut"]
[Black "Stoleriu , George"]
[Result "1-0"]
[WhiteElo "1588"]
[BlackElo "1723"]
[PlyCount "53"]
[EventDate "2012.09.03"]

1. e4 c6 2. d4 d5 3. Nc3 dxe4 4. Nxe4 Bf5 5. Ng3 Bg6 6. h4 h6 7. h5 Bh7 8. Nf3
Nd7 9. Bd3 Bxd3 10. Qxd3 e6 11. Bd2 Ngf6 12. O-O-O Bd6 13. Ne4 Nxe4 14. Qxe4
Nf6 15. Qd3 Qc7 16. c4 O-O-O 17. Kb1 Rhe8 18. Qc2 Bf4 19. g3 Bxd2 20. Rxd2 c5
21. d5 exd5 22. cxd5 Rxd5 23. Rxd5 Nxd5 24. Rd1 Rd8 25. Qf5+ Qd7 26. Rxd5 Qxf5+
27. Rxf5 1-0

[Event "CNJ Echipe 2012 - O10"]
[Site "Mamaia -Constanta"]
[Date "2012.09.05"]
[Round "4.2"]
[White "Stefan, Mihai"]
[Black "Stoleriu , George"]
[Result "0-1"]
[WhiteElo "1592"]
[BlackElo "1723"]
[PlyCount "102"]
[EventDate "2012.09.03"]

1. e4 c6 2. d4 d5 3. exd5 cxd5 4. c4 Nf6 5. Nc3 Nc6 6. Nf3 e6 7. Bd3 Be7 8. O-O
O-O 9. Re1 Re8 10. Bg5 dxc4 11. Bxc4 h6 12. Be3 Bb4 13. Qb3 Bxc3 14. Qxc3 Nd5
15. Bxd5 Qxd5 16. Rad1 b6 17. Ne5 Bb7 18. Nxc6 Bxc6 19. f3 Rec8 20. Qa3 Bb7 21.
Rc1 a6 22. b3 a5 23. Bf2 Qb5 24. Qd6 Rxc1 25. Rxc1 Bxf3 26. Qf4 Bc6 27. Qc7 Bd5
28. Qf4 Qd3 29. Qe3 Qxe3 30. Bxe3 a4 31. Rb1 axb3 32. axb3 Ra3 33. g3 b5 34.
Bc1 Rxb3 35. Rxb3 Bxb3 36. Kf2 Kf8 37. Ke3 Ke7 38. Kd3 Kf6 39. Bb2 Bd5 40. Kc3
Kf5 41. Kb4 Kg4 42. Kxb5 Kh3 43. Ba3 g6 44. Bd6 Kxh2 45. Kb4 Kg2 46. Kc3 g5 47.
Kd3 h5 48. Ke3 h4 49. gxh4 gxh4 50. Kf4 h3 51. Ke5 h2 0-1

[Event "WSCC 2012  Iasi - ROU  O11"]
[Site "Iasi"]
[Date "2012.05.01"]
[Round "4.2"]
[White "Stoleriu , George"]
[Black "Shevchenko, Kirill"]
[Result "0-1"]
[WhiteElo "1597"]
[BlackElo "1957"]
[Annotator "Doe,John"]
[PlyCount "82"]
[EventDate "2012.04.28"]

1. b3 {[%emt 0:00:00]} e5 {[%emt 0:00:00]} 2. Bb2 {[%emt 0:00:00]} Nc6 {
[%emt 0:00:00]} 3. e3 {[%emt 0:00:00]} Nf6 {[%emt 0:00:00]} 4. Bb5 {
[%emt 0:00:00]} Bd6 {[%emt 0:00:00]} 5. Nf3 {[%emt 0:00:00]} e4 {[%emt 0:00:00]
} 6. Nd4 {[%emt 0:00:00]} Nxd4 {[%emt 0:00:00]} 7. Bxd4 {[%emt 0:00:00]} c6 {
[%emt 0:00:00]} 8. Be2 {[%emt 0:00:00]} Qc7 {[%emt 0:00:00]} 9. h3 {
[%emt 0:00:00]} Be5 {[%emt 0:00:00]} 10. Bxe5 {[%emt 0:00:00]} Qxe5 {
[%emt 0:00:00]} 11. Na3 {[%emt 0:00:00]} d5 {[%emt 0:00:00]} 12. c4 {
[%emt 0:00:00]} O-O {[%emt 0:00:00]} 13. cxd5 {[%emt 0:00:00]} Nxd5 {
[%emt 0:00:00]} 14. Nc4 {[%emt 0:00:00]} Qg5 {[%emt 0:00:00]} 15. g3 {
[%emt 0:00:00]} Be6 {[%emt 0:00:00]} 16. h4 {[%emt 0:00:00]} Qe7 {
[%emt 0:00:00]} 17. a3 {[%emt 0:00:00]} Rad8 {[%emt 0:00:00]} 18. O-O {
[%emt 0:00:00]} Nc3 {[%emt 0:00:00]} 19. Qe1 {[%emt 0:00:00]} Nxe2+ {
[%emt 0:00:00]} 20. Qxe2 {[%emt 0:00:00]} Bxc4 {[%emt 0:00:00]} 21. bxc4 {
[%emt 0:00:00]} Rd3 {[%emt 0:00:00]} 22. a4 {[%emt 0:00:00]} Rfd8 {
[%emt 0:00:00]} 23. Ra2 {[%emt 0:00:00]} Qb4 {[%emt 0:00:00]} 24. Rc1 {
[%emt 0:00:00]} Rxd2 {[%emt 0:00:00]} 25. Rxd2 {[%emt 0:00:00]} Qxd2 {
[%emt 0:00:00]} 26. Qxd2 {[%emt 0:00:00]} Rxd2 {[%emt 0:00:00]} 27. Rb1 {
[%emt 0:00:00]} Rd7 {[%emt 0:00:00]} 28. Kf1 {[%emt 0:00:00]} f5 {
[%emt 0:00:00]} 29. Ke2 {[%emt 0:00:00]} Kf7 {[%emt 0:00:00]} 30. a5 {
[%emt 0:00:00]} Ke6 {[%emt 0:00:00]} 31. f3 {[%emt 0:00:00]} Ke5 {
[%emt 0:00:00]} 32. f4+ {[%emt 0:00:00]} Kd6 {[%emt 0:00:00]} 33. Rd1+ {
[%emt 0:00:00]} Kc7 {[%emt 0:00:00]} 34. Rh1 {[%emt 0:00:00]} h5 {
[%emt 0:00:00]} 35. Ra1 {[%emt 0:00:00]} Rd3 {[%emt 0:00:00]} 36. a6 {
[%emt 0:00:00]} b5 {[%emt 0:00:00]} 37. cxb5 {[%emt 0:00:00]} cxb5 {
[%emt 0:00:00]} 38. Rc1+ {[%emt 0:00:00]} Kb6 {[%emt 0:00:00]} 39. Rc8 {
[%emt 0:00:00]} Rd6 {[%emt 0:00:00]} 40. Rc3 {[%emt 0:00:00]} Kxa6 {
[%emt 0:00:00]} 41. Rc5 {[%emt 0:00:00]} g6 {[%emt 0:00:00]} 0-1

[Event "WSCC 2012 Iasi - ROU  O11"]
[Site "Iasi"]
[Date "2012.04.30"]
[Round "3.3"]
[White "Zhalmakhanov, Ramazan"]
[Black "Stoleriu , George"]
[Result "0-1"]
[WhiteElo "1855"]
[BlackElo "1597"]
[Annotator "Doe,John"]
[PlyCount "92"]
[EventDate "2012.04.28"]

1. e4 {[%emt 0:00:00]} c6 {[%emt 0:00:00]} 2. d4 {[%emt 0:00:00]} d5 {
[%emt 0:00:00]} 3. Nc3 {[%emt 0:00:00]} dxe4 {[%emt 0:00:00]} 4. Nxe4 {
[%emt 0:00:00]} Bf5 {[%emt 0:00:00]} 5. Ng3 {[%emt 0:00:00]} Bg6 {
[%emt 0:00:00]} 6. Nf3 {[%emt 0:00:00]} Nd7 {[%emt 0:00:00]} 7. h4 {
[%emt 0:00:00]} h6 {[%emt 0:00:00]} 8. h5 {[%emt 0:00:00]} Bh7 {[%emt 0:00:00]}
9. Bd3 {[%emt 0:00:00]} Bxd3 {[%emt 0:00:00]} 10. Qxd3 {[%emt 0:00:00]} e6 {
[%emt 0:00:00]} 11. Bd2 {[%emt 0:00:00]} Ngf6 {[%emt 0:00:00]} 12. O-O-O {
[%emt 0:00:00]} Bd6 {[%emt 0:00:00]} 13. Ne4 {[%emt 0:00:00]} Nxe4 {
[%emt 0:00:00]} 14. Qxe4 {[%emt 0:00:00]} Nf6 {[%emt 0:00:00]} 15. Qd3 {
[%emt 0:00:00]} Qc7 {[%emt 0:00:00]} 16. c4 {[%emt 0:00:00]} O-O-O {
[%emt 0:00:00]} 17. Kb1 {[%emt 0:00:00]} Rhe8 {[%emt 0:00:00]} 18. g3 {
[%emt 0:00:00]} Kb8 {[%emt 0:00:00]} 19. Qe2 {[%emt 0:00:00]} Qe7 {
[%emt 0:00:00]} 20. Ne5 {[%emt 0:00:00]} Ka8 {[%emt 0:00:00]} 21. Be3 {
[%emt 0:00:00]} Qc7 {[%emt 0:00:00]} 22. Bf4 {[%emt 0:00:00]} Qe7 {
[%emt 0:00:00]} 23. Rd3 {[%emt 0:00:00]} Bxe5 {[%emt 0:00:00]} 24. dxe5 {
[%emt 0:00:00]} Nd7 {[%emt 0:00:00]} 25. Rhd1 {[%emt 0:00:00]} Nc5 {
[%emt 0:00:00]} 26. Rd6 {[%emt 0:00:00]} Rd7 {[%emt 0:00:00]} 27. Qd2 {
[%emt 0:00:00]} Ne4 {[%emt 0:00:00]} 28. Qd4 {[%emt 0:00:00]} Nxd6 {
[%emt 0:00:00]} 29. exd6 {[%emt 0:00:00]} e5 {[%emt 0:00:00]} 30. Qc5 {
[%emt 0:00:00]} Qd8 {[%emt 0:00:00]} 31. Be3 {[%emt 0:00:00]} Qb8 {
[%emt 0:00:00]} 32. Rd3 {[%emt 0:00:00]} b6 {[%emt 0:00:00]} 33. Qxc6+ {
[%emt 0:00:00]} Qb7 {[%emt 0:00:00]} 34. Qa4 {[%emt 0:00:00]} Rc8 {
[%emt 0:00:00]} 35. Rd5 {[%emt 0:00:00]} Qc6 {[%emt 0:00:00]} 36. Qxc6+ {
[%emt 0:00:00]} Rxc6 {[%emt 0:00:00]} 37. Rxe5 {[%emt 0:00:00]} Rcxd6 {
[%emt 0:00:00]} 38. b3 {[%emt 0:00:00]} Kb7 {[%emt 0:00:00]} 39. Kc2 {
[%emt 0:00:00]} Rc6 {[%emt 0:00:00]} 40. a4 {[%emt 0:00:00]} a6 {[%emt 0:00:00]
} 41. Kb2 {[%emt 0:00:00]} f6 {[%emt 0:00:00]} 42. Re4 {[%emt 0:00:00]} Kc7 {
[%emt 0:00:00]} 43. Bf4+ {[%emt 0:00:00]} Kd8 {[%emt 0:00:00]} 44. Be3 {
[%emt 0:00:00]} Re7 {[%emt 0:00:00]} 45. Rd4+ {[%emt 0:00:00]} Rd7 {
[%emt 0:00:00]} 46. Rg4 {[%emt 0:00:00]} Re6 {[%emt 0:00:00]} 0-1

[Event "WSCC 2012 Iasi - ROU  O11"]
[Site "Iasi"]
[Date "2012.05.02"]
[Round "5.3"]
[White "Shemyjakin, Valerii"]
[Black "Stoleriu , George"]
[Result "0-1"]
[WhiteElo "1929"]
[BlackElo "1597"]
[Annotator "Doe,John"]
[PlyCount "50"]
[EventDate "2012.04.28"]

1. d4 {[%emt 0:00:00]} d5 {[%emt 0:00:00]} 2. Nf3 {[%emt 0:00:00]} Nf6 {
[%emt 0:00:00]} 3. Bf4 {[%emt 0:00:00]} Bf5 {[%emt 0:00:00]} 4. e3 {
[%emt 0:00:00]} e6 {[%emt 0:00:00]} 5. c4 {[%emt 0:00:00]} Bxb1 {[%emt 0:00:00]
} 6. Rxb1 {[%emt 0:00:00]} Bb4+ {[%emt 0:00:00]} 7. Ke2 {[%emt 0:00:00]} Bd6 {
[%emt 0:00:00]} 8. Bxd6 {[%emt 0:00:00]} Qxd6 {[%emt 0:00:00]} 9. Qa4+ {
[%emt 0:00:00]} Qc6 {[%emt 0:00:00]} 10. Qxc6+ {[%emt 0:00:00]} Nxc6 {
[%emt 0:00:00]} 11. c5 {[%emt 0:00:00]} Ke7 {[%emt 0:00:00]} 12. g3 {
[%emt 0:00:00]} b6 {[%emt 0:00:00]} 13. cxb6 {[%emt 0:00:00]} cxb6 {
[%emt 0:00:00]} 14. Nd2 {[%emt 0:00:00]} Rac8 {[%emt 0:00:00]} 15. a3 {
[%emt 0:00:00]} Rc7 {[%emt 0:00:00]} 16. Bh3 {[%emt 0:00:00]} Rhc8 {
[%emt 0:00:00]} 17. Nb3 {[%emt 0:00:00]} a5 {[%emt 0:00:00]} 18. a4 {
[%emt 0:00:00]} Nb4 {[%emt 0:00:00]} 19. Rhc1 {[%emt 0:00:00]} Rc2+ {
[%emt 0:00:00]} 20. Kd1 {[%emt 0:00:00]} Ne4 {[%emt 0:00:00]} 21. Rxc2 {
[%emt 0:00:00]} Rxc2 {[%emt 0:00:00]} 22. Bf1 {[%emt 0:00:00]} Nxf2+ {
[%emt 0:00:00]} 23. Ke1 {[%emt 0:00:00]} Nbd3+ {[%emt 0:00:00]} 24. Bxd3 {
[%emt 0:00:00]} Nxd3+ {[%emt 0:00:00]} 25. Kd1 {[%emt 0:00:00]} Rxh2 {
[%emt 0:00:00]} 0-1